<?xml version="1.0" encoding="UTF-8"?>
<record
    xmlns:xsi="http://www.w3.org/2001/XMLSchema-instance"
    xsi:schemaLocation="http://www.loc.gov/MARC21/slim http://www.loc.gov/standards/marcxml/schema/MARC21slim.xsd"
    xmlns="http://www.loc.gov/MARC21/slim">

  <leader>02446nam a22003617a 4500</leader>
  <controlfield tag="001">000007268</controlfield>
  <controlfield tag="003">OSt</controlfield>
  <controlfield tag="005">20201118083857.0</controlfield>
  <controlfield tag="008">090907s1999    dr    a      000 0 spa d</controlfield>
  <datafield tag="040" ind1=" " ind2=" ">
    <subfield code="a">DO-SdBNP</subfield>
    <subfield code="b">spa</subfield>
    <subfield code="c">BNPHU</subfield>
  </datafield>
  <datafield tag="082" ind1=" " ind2=" ">
    <subfield code="a">xxxx</subfield>
    <subfield code="b">xxxx</subfield>
  </datafield>
  <datafield tag="245" ind1="0" ind2="0">
    <subfield code="a">Infarto agudo de miocardio :</subfield>
    <subfield code="b">Rep&#xFA;blica Dominicana /</subfield>
    <subfield code="c">coautores Claudio Almonte Germ&#xE1;n...[et.al.] ; presentacion Jos&#xE9; Reyes Troncoso.</subfield>
  </datafield>
  <datafield tag="260" ind1=" " ind2=" ">
    <subfield code="a">Santo Domingo :</subfield>
    <subfield code="b">Sociedad Dominicana de Cardiolog&#xED;a,</subfield>
    <subfield code="c">1999.</subfield>
  </datafield>
  <datafield tag="300" ind1=" " ind2=" ">
    <subfield code="a">265 p. :</subfield>
    <subfield code="b">il. ;</subfield>
    <subfield code="c">27 cm.</subfield>
  </datafield>
  <datafield tag="500" ind1=" " ind2=" ">
    <subfield code="a">Incluye &#xED;ndices. </subfield>
  </datafield>
  <datafield tag="504" ind1=" " ind2=" ">
    <subfield code="a">Bibliografia p: 239-241 </subfield>
  </datafield>
  <datafield tag="505" ind1="2" ind2=" ">
    <subfield code="t">Presentaci&#xF3;n --</subfield>
    <subfield code="t">Introducci&#xF3;n --</subfield>
    <subfield code="g">Capitulo I --</subfield>
    <subfield code="t">Enfermedad cardiovascular ateroscler&#xF3;tica --</subfield>
    <subfield code="r">&#xC1;ngel Gonz&#xE1;lez Medina /</subfield>
    <subfield code="g">Capitulo II --</subfield>
    <subfield code="t">La patologenia de la aterosclerosis y la aterotrombosis --</subfield>
    <subfield code="r">Rafael Pichardo Est&#xE9;vez /</subfield>
    <subfield code="g">Capitulo III --</subfield>
    <subfield code="t">Fistopatolog&#xED;a del infarto agudo del miocardio --</subfield>
    <subfield code="r">Delio Jos&#xE9; Guzm&#xE1;n --</subfield>
    <subfield code="r">Claudio Almonte Germ&#xE1;n /</subfield>
    <subfield code="g">Capitulo IV --</subfield>
    <subfield code="t">Infarto agudo del miocardio, incidencia - cuadro cl&#xED;nico y diagnostico --</subfield>
    <subfield code="r">Santiago Garc&#xED;a Garc&#xED;a /</subfield>
    <subfield code="g">Capitulo V --</subfield>
    <subfield code="t">Tratamiento medico --</subfield>
    <subfield code="r">Wilson Ram&#xED;rez Diroche /</subfield>
    <subfield code="g">Capitulo VI --</subfield>
    <subfield code="t">Tratamiento intervencionista --</subfield>
    <subfield code="r">Roberto Fern&#xE1;ndez de Castro /</subfield>
    <subfield code="g">Capitulo VII --</subfield>
    <subfield code="t">Cirug&#xED;a en el infarto agudo de miocardio --</subfield>
    <subfield code="r">Hern&#xE1;n Cruz /</subfield>
    <subfield code="g">Capitulo VIII ---</subfield>
    <subfield code="t">Complicaciones del Iam --</subfield>
    <subfield code="r">Miguel &#xC1;ngel Arias --</subfield>
    <subfield code="r">Braulio Mateo /</subfield>
    <subfield code="g">Capitulo IX --</subfield>
    <subfield code="t">Manejo del paciente post-infarto miocardio --</subfield>
    <subfield code="r">Jos&#xE9; Reyes Troncoso /</subfield>
    <subfield code="g">Capitulo X --</subfield>
    <subfield code="t">Registro nacional de infarto agudo de miocardio, Rep&#xFA;blica Dominicana (RENIRD 1995/1998)</subfield>
    <subfield code="r">Claudio Almonte German --</subfield>
    <subfield code="r">Miguel Arias Ceballos /</subfield>
    <subfield code="t">Bibliograf&#xED;a --</subfield>
    <subfield code="t">Agradecimiento --</subfield>
    <subfield code="t">Indice de los principales estudios relacionados con el infarto agudo de miocardio y su tratamiento --</subfield>
    <subfield code="t">Indice alfab&#xE9;tico --</subfield>
  </datafield>
  <datafield tag="590" ind1=" " ind2=" ">
    <subfield code="a">Inventariado, 2020/ YL</subfield>
  </datafield>
  <datafield tag="700" ind1="1" ind2="2">
    <subfield code="a">Almonte Germ&#xE1;n, Claudio </subfield>
    <subfield code="9">18210</subfield>
  </datafield>
  <datafield tag="700" ind1="1" ind2="2">
    <subfield code="a">Arias Ceballos, Miguel &#xC1;ngel</subfield>
    <subfield code="9">77282</subfield>
  </datafield>
  <datafield tag="700" ind1="1" ind2="2">
    <subfield code="a">Cruz, Hern&#xE1;n A. </subfield>
    <subfield code="9">77283</subfield>
  </datafield>
  <datafield tag="700" ind1="1" ind2="2">
    <subfield code="a">Fern&#xE1;ndez de Castro, Roberto</subfield>
    <subfield code="9">77284</subfield>
  </datafield>
  <datafield tag="700" ind1="1" ind2="2">
    <subfield code="a">Garc&#xED;a Garc&#xED;a, Santiago</subfield>
    <subfield code="9">77285</subfield>
  </datafield>
  <datafield tag="700" ind1="1" ind2="2">
    <subfield code="a">Gonz&#xE1;lez Medina, &#xC1;ngel </subfield>
    <subfield code="9">77286</subfield>
  </datafield>
  <datafield tag="700" ind1="1" ind2="2">
    <subfield code="a">Guzm&#xE1;n, Delio Jos&#xE9; </subfield>
    <subfield code="9">77287</subfield>
  </datafield>
  <datafield tag="700" ind1="1" ind2="2">
    <subfield code="a">Lamarche Rey, Carlos</subfield>
    <subfield code="9">77288</subfield>
  </datafield>
  <datafield tag="700" ind1="1" ind2="2">
    <subfield code="a">Mateo, Braulio</subfield>
    <subfield code="9">77289</subfield>
  </datafield>
  <datafield tag="700" ind1="1" ind2="2">
    <subfield code="a">Pichardo Est&#xE9;vez, Rafael </subfield>
    <subfield code="9">77290</subfield>
  </datafield>
  <datafield tag="700" ind1="1" ind2="2">
    <subfield code="a">Ram&#xED;rez D., Wilson</subfield>
    <subfield code="9">77291</subfield>
  </datafield>
  <datafield tag="700" ind1="1" ind2="2">
    <subfield code="a">Reyes Troncoso, Jos&#xE9; &#xC1;ngel </subfield>
    <subfield code="9">77292</subfield>
  </datafield>
  <datafield tag="910" ind1=" " ind2=" ">
    <subfield code="a">YLockward</subfield>
  </datafield>
  <datafield tag="942" ind1=" " ind2=" ">
    <subfield code="2">ddc</subfield>
    <subfield code="c">LBS1</subfield>
  </datafield>
  <datafield tag="952" ind1=" " ind2=" ">
    <subfield code="0">0</subfield>
    <subfield code="1">0</subfield>
    <subfield code="2">ddc</subfield>
    <subfield code="5">1</subfield>
    <subfield code="7">1</subfield>
    <subfield code="8">PD</subfield>
    <subfield code="a">BNPHU</subfield>
    <subfield code="b">BNPHU</subfield>
    <subfield code="c">CT</subfield>
    <subfield code="d">2017-11-30</subfield>
    <subfield code="e">Dr. Luciano M. P.</subfield>
    <subfield code="l">0</subfield>
    <subfield code="o">xxxx xxxx</subfield>
    <subfield code="p">2020-0519</subfield>
    <subfield code="r">2020-11-18</subfield>
    <subfield code="w">2020-11-18</subfield>
    <subfield code="y">LFPD</subfield>
  </datafield>
  <datafield tag="999" ind1=" " ind2=" ">
    <subfield code="c">49145</subfield>
    <subfield code="d">49145</subfield>
  </datafield>
</record>
